00490 2200205 4500001002100000005001500021008004100036020001800077035001900095041000700114082000800121090001400129100002100143700002000164245002200184260002200206300002400228500001100252650002100263INLIS00000000000331120241224112711241224||||||||| | ||| |||| || |  a979-3655-20-8 0010-1224003311 aid0 a813 a813 GRE t0 aSusan Greenfield0 aM. Khoirul Anam00aTomorrow's People bSuluh Pressc2005 axii, 388 hlm.;21 cm aCet. 1 0aIlmu Kesusatraan